| 000 | 00494nam a2200181 a 4500 | ||
|---|---|---|---|
| 005 | 20240913063822.0 | ||
| 008 | 991125s1989 mx 000 0 spa u | ||
| 020 | _a9686125329 | ||
| 035 | _aUPN01000013811 | ||
| 049 | _aCG | ||
| 050 | 4 |
_aHD6532 _bD45 |
|
| 245 | 0 | 0 |
_aDemocracia y sindicatos / _ccoord. Victoria Novelo. |
| 260 |
_aMéxico : _bCIESAS : _bEl Caballito, _c1989. |
||
| 300 | _a216 p. | ||
| 650 | 4 |
_aDemocracia _96020 |
|
| 700 | 1 |
_aNovelo, Victoria, _ecoord. _929573 |
|
| 905 | _aLibro | ||
| 999 |
_c13811 _d13811 |
||